000 nam a22 7a 4500
999 _c7354
_d7354
008 170817b xxu||||| |||| 00| 0 eng d
020 _a9789350042441
100 _aGupta Vikas
_93892
245 _aInformatics practices
260 _aNew Delhi
_bDreamtech
_c2012